000 00437 a2200181 4500
001 138024
020 _a9788574067766
040 _cLeonardo Da Vinci
041 _aPortuguês
082 _aJ S496a
_bS496a
100 _aSEUSS, Dr.
245 _aAh, os lugares aonde você irá!
260 _bCompanhia das Letrinhas
_c2018
_aSão Paulo
300 _a61
362 _a20180000
697 _aLiteratura infantojuvenil
942 _cBK
999 _c138024
_d138024